000 00573nam a22002177a 4500
001 BD-DhSAU 3384
003 BD-DhSAU
005 20150205123311.0
008 150205s2001 ii a||||r|||| 001 0 eng d
020 _a8120414357
040 _aBD-DhSAU
082 _222
_a631.5301
_bBRE
245 _aBreeding field crops /
_cEditor V L Chopra
260 _aNew Delhi :
_bOxford & IBH Pub. Co. Pvt. Ltd. ,
_cc2001.
300 _aix, 580 p. :
_bill. ;
_c25 cm.
504 _aIncludes index.
590 _aerfat
650 _aCrops.
650 _aBotany.
700 _aChopra, V L
942 _2ddc
_cBOOK
999 _c3384
_d3384